Statistiche per Paesi del mondo nella loro lingua

Clicka qui per fare il quiz!

Statistiche generali

  • Questo quiz è stato fatto 172 volte
  • Il punteggio medio è 64 su 196

Risposte nella Mappa

Le risposte nella mappa del quiz sottostante sono codificate secondo una scala di colori dal rosso al verde in base alla % di persone che hanno risposto correttamente.
 

Statistiche sulle risposte

Nazione% Corretto
Italia
94%
France
90%
Canada
89%
United States / Estados Unidos / États-Unis /
‘Amelika Hui Pū ‘ia
87%
United Kingdom / Y Deyrnas Unedig / Rìoghachd Aonaichte / Ríocht Aontaithe
83%
Brasil
82%
Mēxihco / México
81%
España / Espanya / Espainia
79%
Argentina
77%
Colombia
74%
Ecuador
74%
Portugal
74%
Cuba
73%
Ireland / Éire
73%
Piruw / Perú
73%
Uruguay
73%
Paraguái / Paraguay
72%
Venezuela
72%
Wuliwya / Volívia / Buliwya / Bolivia
70%
Chile
66%
Suriname / Sranan
66%
Australia
65%
Guyana
65%
Panamá
64%
Honduras
61%
Nicaragua
61%
El Salvador
60%
Haïti / Ayiti
60%
India / Bharôt / ভাৰত / ভারত / Bhārat / ભારત / भारत / ਭਾਰਤ / Bhārata / ಭಾರತ / Bhāratam / ഭാരതം / भारतम् / Bharôtô / ଭାରତ / Bārata / பாரதம் / Bhāratadēsam / భారత దేశం
60%
Guatemala
59%
Bahamas
57%
New Zealand / Aotearoa
57%
Belize
55%
Malta
55%
Costa Rica
54%
Madagascar / Madagasikara
54%
Deutschland
53%
Pākistān / پاکستان
49%
Suisse / Schweiz / Svizzera / Svizra
49%
Città del Vaticano / Civitas Vaticana
48%
Niger
48%
Nigeria / Nijeriya / Naigeria / Nàìjíríà
48%
San Marino
48%
Sri Lankā / ශ්‍රී ලංකාව / இலங்கை
48%
République démocratique du Congo / Republíki ya Kongó / Demokratíki Jamhuri ya Kidemokrasia ya Kongo
47%
République du Congo / Republíki ya Kongó
47%
Suid-Afrika / South Africa / iNingizimu Afrika / uMzantsi Afrika / Afrika-Borwa / Aforika Borwa / Afurika Tshipembe / Afrika Dzonga / iSewula Afrika
47%
Suomi / Finland
47%
Jamaica
46%
Īrān / ایران
45%
Nepāl / नेपाल
45%
România
45%
Seychelles / Sesel
45%
België / Belgique / Belgien
44%
Sénégal / Senegaal
43%
Ísland
42%
Kenya
42%
República Dominicana
42%
Gaana / Ghana / Gana / Gana
41%
Indonesia
41%
Mali
41%
Việt Nam
41%
Andorra
40%
Angola / Ngola
40%
Botswana
40%
Lesotho
40%
Mauritius / Maurice / Moris
40%
Namibia
40%
Lao / ປະເທດລາວ
39%
Österreich
39%
Monaco / Múnegu
38%
Polska
38%
São Tomé e Principe
38%
Táiwān / 臺灣/台湾 / T’ai-wan / ㄊㄞˊ ㄨㄢ / Tâi-oân / Thòi-vǎn / 中華民國 / Zhōnghuá Mínguó
38%
Tonga
38%
Zimbabwe
38%
Kiribati
37%
Luxembourg / Luxemburg / Lëtezebuerg
37%
Palau / Belau
37%
Saint Lucia
37%
Togo
37%
Uganda
37%
Burkina Faso
36%
Gambia
36%
Moldova
36%
Zambia
36%
Bangladesh / বাংলাদেশ
35%
Bénin
35%
Grenada
35%
Kyrgyzstan / Кыргызстан / Kirgizija / Киргизия
35%
Malaŵi / Malawi
35%
Myanma / မြန်မာ
35%
Nauru / Naoero
35%
Qaṭar / قطر
35%
Samoa / Sāmoa
35%
Sverige
35%
Tuvalu
35%
Vanuatu
35%
Barbados
34%
Burundi / Uburundi
34%
Türkmenistan
34%
Eswatini / eSwatini
33%
Fiji / Viti / फ़िजी
32%
Hellas / Ελλάς / Ellada / Ελλάδα
32%
Tanzania
32%
Bosnia I Hercegovína / Босна и Херцеговина
31%
Cameroon / Cameroun
31%
Liechtenstein
31%
Mǎláixīyà / 马来西亚 / Malaysia / மலேசியா
31%
Nippon / Nihon / 日本
30%
Norge / Noreg / Norga / Vuodna / Nöörje
30%
Papua New Guinea / Papua Niugini / Papua Giugini
30%
Sierra Leone
30%
Liberia
29%
Singapore / Singapura / 新加坡 / சிங்கப்பூர் / Xīnjiāpō
29%
Danmark
28%
Nederland / Nederlân
28%
Philippines / Pilipinas
28%
Cabo Verde
26%
Côte d'Ivoire
26%
Trinidad and Tobago
26%
Qazaqstan / Қазақстан / Kazakhstán / Казахстан
25%
Rwanda
25%
Saint Kitts and Nevis
24%
Ukraїna / Україна
24%
Brunei / بروني
23%
Hrvatska
23%
Marshall Islands / Aorōkin M̧ajeļ
23%
Rossiâ / Россия
22%
Eesti
20%
Antigua and Barbuda
19%
Libya / Lībiyā / ليبيا / ⵍⵉⴱⵢⴰ
19%
Jībūtī / جيبوتي / Djibouti / Jabuuti / Gabuuti
18%
Lietuva
18%
Türkiye
18%
Comores / Komori / Juzur al-Qamar / جزر القمر
16%
Shqipëria
16%
Slovenija
16%
Solomon Islands / Solomon Aelan
16%
Slovensko
15%
Guinée / Gine
14%
Kosova / Косово
14%
Lubnān / لبنان / Liban
14%
South Sudan / Paguot Thudän / Sudan Kusini
14%
Timor-Leste / Timor Lorosa'e
14%
Crna Gora / Црна Гора
13%
Srbija / Србија
13%
Bielaruś / Беларусь
11%
Saint Vincent and the
Grenadines
11%
Tchad / Tšād / تشاد
11%
Zhōngguó / 中国
11%
Wai‘tu kubuli / Dominique / Dominik
10%
Al-'Iraq / العراق
9%
Česko / Česká republika
9%
Latvija
9%
Guinea Ecuatorial / Guinée équatoriale / Guiné Equatorial
8%
Kypros / Κύπρος / Kıbrıs
7%
Magyarország
7%
Miṣr / Masr / مصر
7%
Guiné-Bissau
6%
République Centrafricaine / Ködörösêse tî Bêafrîka
6%
Bulgariya / Bălgariya / Bălgarija/ България
5%
Moçambique
5%
Sak'art'velo / საქართველო
5%
Afghanestan / افغانستان
4%
Azərbaycan
4%
Dzayer / ⴷⵣⴰⵢⴻⵔ / Al-Jazā'ir / الجزائر
4%
Federated States of
Micronesia
4%
Hayastán / Հայաստան
4%
Kămpŭchéa / កម្ពុជា
4%
Israʼiyl / إسرائيل / Yisra'el / ישראל
3%
Mueang Thai / Prathet Thai / Ratcha-anachak Thai / เมืองไทย / ประเทศไทย / ราชอาณาจักรไทย
3%
République gabonaise
3%
Severna Makedonija / Северна Македонија / Maqedonia e Veriut
3%
Al-Bahrayn / البحرين
2%
Al-'Urdun / الأردن
2%
Al-Yaman / اليمن
2%
Chosŏn / 조선 / Bukchosŏn / 북조선
2%
Iritriya / Ertra / إرتريا / ኤርትራ
2%
Tojikistan / Тоҷикистон
2%
Tunes / تونس
2%
Al-‘Arabiyyah as Sa‘ūdiyyah / المملكة العربية السعودية
1%
Al-’Imārat Al-‘Arabiyyah Al-Muttaḥidah / الإمارات العربيّة المتّحدة
1%
Al-maɣréb / المغرب / Amerruk / Elmeɣrib / ⴰⵎⵔⵔⵓⴽ / ⵍⵎⵖⵔⵉⴱ
1%
As-Sudan / السودان
1%
Dhivehi Raajje / ދިވެހިރާއްޖެ
1%
Druk Yul / འབྲུག་ཡུལ
1%
Hanguk / 한국 / Namhan / 남한
1%
Ityop'ia / ኢትዮጵያ
1%
Mongol Uls / Монгол Улс / ᠮᠤᠩᠭᠤᠯ
ᠤᠯᠤᠰ
1%
Muritan / Agawec / Mūrītānyā / موريتانيا / ⵎⵓⵔⵉⵜⴰⵏ / ⴰⴳⴰⵡⵛ
1%
O‘zbekiston / Ўзбекистон
1%
Suriyah / سورية
1%
‘Umān / عُمان
1%
Dawlat ul-Kuwayt / دولة الكويت
0%
Soomaaliya aş-Şūmāl / الصومال
0%

Distribuzione punteggi

Percentile per numero di risposta

Percentuale di utenti per punteggio

I tuoi punteggi nel tempo

Non hai fatto questo quiz